Processing techniques of smoked fish small sheat fish in prasatbakong district siem reap province, បច្ចេកទេសកែច្នៃត្រីឆ្ធើរត្រីតាអោន ក្នុងស្រុកប្រាសាទបាគង ខេត្តសៀមរាប (Record no. 5203)
[ view plain ]
| 000 -LEADER | |
|---|---|
| fixed length control field | 00662nam a22001577a 4500 |
| 003 - CONTROL NUMBER IDENTIFIER | |
| control field | OSt |
| 005 - DATE AND TIME OF LATEST TRANSACTION | |
| control field | 20151225143733.0 |
| 008 - FIXED-LENGTH DATA ELEMENTS--GENERAL INFORMATION | |
| fixed length control field | 151225b xxu||||| |||| 00| 0 eng d |
| 040 ## - CATALOGING SOURCE | |
| Transcribing agency | RUA |
| 082 ## - DEWEY DECIMAL CLASSIFICATION NUMBER | |
| Classification number | AGI MAO 2005 B275 Or.1 |
| 100 ## - MAIN ENTRY--PERSONAL NAME | |
| 9 (RLIN) | 5587 |
| Personal name | MAO, CHAMRONG. |
| 245 ## - TITLE STATEMENT | |
| Title | Processing techniques of smoked fish small sheat fish in prasatbakong district siem reap province, បច្ចេកទេសកែច្នៃត្រីឆ្ធើរត្រីតាអោន ក្នុងស្រុកប្រាសាទបាគង ខេត្តសៀមរាប |
| 260 ## - PUBLICATION, DISTRIBUTION, ETC. (IMPRINT) | |
| Place of publication, distribution, etc. | Phnom Penh |
| Name of publisher, distributor, etc. | RUA |
| Date of publication, distribution, etc. | 2005 |
| 300 ## - PHYSICAL DESCRIPTION | |
| Extent | vii; 37p. |
| Other physical details | ill. |
| Dimensions | 29cm. |
| 942 ## - ADDED ENTRY ELEMENTS (KOHA) | |
| Source of classification or shelving scheme | |
| Koha item type | AGI |
| Price effective from | Date last seen | Permanent Location | Not for loan | Date acquired | Source of classification or shelving scheme | Koha item type | Lost status | Withdrawn status | Date last checked out | Total Checkouts | Shelving location | Damaged status | Barcode | Current Location | Full call number |
|---|---|---|---|---|---|---|---|---|---|---|---|---|---|---|---|
| 2015-12-25 | 2023-05-02 | Library Block B | 2015-12-25 | AGI | 2023-03-20 | 1 | B275 | RUA034074 | Library Block B | AGI MAO 2005 B275 Or.1 | |||||
| 2015-12-25 | 2015-12-25 | Library Block B | 2015-12-25 | AGI | B275 | RUA034194 | Library Block B | AGI MAO 2005 B275 Or.2 | |||||||
| 2015-12-25 | 2023-04-28 | Library Block B | 2015-12-25 | AGI | 2023-04-24 | 1 | B275 | RUA034222 | Library Block B | AGI MAO 2005 B275 Or.3 | |||||
| 2015-12-25 | 2023-02-22 | Library Block B | 2015-12-25 | AGI | 2023-02-07 | 2 | B275 | RUA034297 | Library Block B | AGI MAO 2005 B275 Or.4 | |||||
| 2015-12-25 | 2016-12-07 | Library Block B | 2015-12-25 | AGI | 2016-11-21 | 2 | B275 | RUA033424 | Library Block B | AGI MAO 2005 B275 Or.5 |